| 000 | 00364nam a2200145Ia 4500 | ||
|---|---|---|---|
| 008 | 230917s9999||||xx |||||||||||||| ||und|| | ||
| 040 |
_e195968 _aMAIN |
||
| 041 | _aEnglish | ||
| 082 | _a585 V442B | ||
| 100 | _aVashishta, P C | ||
| 245 | 0 | _aBotany for degree students: Gymnosperms | |
| 260 |
_aNew Delhi _bS Chand _c2011 |
||
| 300 | _axii, 580 p. | ||
| 942 | _cBK | ||
| 999 |
_c163592 _d163592 |
||